Agricultural marketing

Saved in:
Bibliographic Details
Main Author: CHAKRABORTY, Debarun Biswas, Debasish
Format: Book
Language:English
Published: Ane Books 2019
Tags: Add Tag
No Tags, Be the first to tag this record!

MARC

LEADER 00000nam a22000007a 4500
008 231013b |||||||| |||| 00| 0 eng d
020 |a 9789388264495 
100 |a CHAKRABORTY, Debarun  |a Biswas, Debasish 
245 |a Agricultural marketing  |c Debarun Chakraborty, Debasish Biswas  |g xvi, 310p 
260 |b Ane Books  |c 2019  |h New Delhi  |i 701024  |i 701025  |l HD9016.I42C35  |m Produce trade- India  |m Farm produce - marketing 
500 |a it includes references 
942 |a lcc  |c BK  |e Johnson  |f 13/10/23 
952 |0 0  |1 0  |2 lcc  |4 0  |7 0  |9 4582  |a SSL  |b HOL  |c GJ  |d 2023-10-13  |l 0  |o 701024  |p 2023-0503  |r 2023-10-13 00:00:00  |w 2023-10-13  |y BK 
952 |0 0  |1 0  |2 lcc  |4 0  |7 0  |9 4583  |a HOL  |b HOL  |c GJ  |d 2023-10-13  |l 0  |o 701025  |p 2023-0504  |r 2023-10-13 00:00:00  |w 2023-10-13  |y BK 
999 |c 2299  |d 2299